The micro revolution revisited

Bewaard in:
Bibliografische gegevens
Hoofdauteur: Large, Peter
Formaat: Boek
Taal:Undetermined
Gepubliceerd in: London F. Pinter 1984
Onderwerpen:
Tags: Voeg label toe
Geen labels, Wees de eerste die dit record labelt!
Thư viện lưu trữ: Trung tâm Học liệu Trường Đại học Cần Thơ
LEADER 00501nam a2200181Ia 4500
001 CTU_95481
008 210402s9999 xx 000 0 und d
082 |a 001.6419 
082 |b L322 
100 |a Large, Peter 
245 4 |a The micro revolution revisited 
245 0 |c Peter Large 
260 |a London 
260 |b F. Pinter 
260 |c 1984 
650 |a Microprocessors,Microcomputers,Computers and civilization 
904 |i M.Loan 
980 |a Trung tâm Học liệu Trường Đại học Cần Thơ